LEADER 03726nam 22007934a 450 001 9910454634603321 005 20200520144314.0 010 $a1-281-99083-3 010 $a9786611990831 010 $a3-11-021134-3 024 7 $a10.1515/9783110211344 035 $a(CKB)1000000000698095 035 $a(EBL)429344 035 $a(OCoLC)437113328 035 $a(SSID)ssj0000309077 035 $a(PQKBManifestationID)11227403 035 $a(PQKBTitleCode)TC0000309077 035 $a(PQKBWorkID)10282007 035 $a(PQKB)11735642 035 $a(MiAaPQ)EBC429344 035 $a(DE-B1597)35432 035 $a(OCoLC)1024056521 035 $a(OCoLC)1032695411 035 $a(OCoLC)1037982835 035 $a(OCoLC)1041989332 035 $a(OCoLC)1046616345 035 $a(OCoLC)1047015768 035 $a(OCoLC)1049633307 035 $a(OCoLC)1054881668 035 $a(OCoLC)979969326 035 $a(DE-B1597)9783110211344 035 $a(Au-PeEL)EBL429344 035 $a(CaPaEBR)ebr10275941 035 $a(CaONFJC)MIL199083 035 $a(EXLCZ)991000000000698095 100 $a20071030d2007 uy 0 101 0 $aeng 135 $aur||||||||||| 181 $ctxt 182 $cc 183 $acr 200 00$aSeaweed invasions$b[electronic resource] $ea synthesis of ecological, economic, and legal imperatives /$fedited by Craig R. Johnson 205 $aReprinted from Botanica Marina Vol. 50, Double Issue 5/6 (2007) 210 $aBerlin ;$aNew York $cWalter de Gruyter$dc2007 215 $a1 online resource (152 p.) 300 $a"Reprinted from Botanica marina, vol. 50 (2007), double issue 5/6." 311 $a3-11-173655-5 311 $a3-11-019534-8 320 $aIncludes bibliographical references and index. 327 $t Frontmatter -- $tContents -- $tIntroduction -- $tSeaweed invasions: introduction and scope -- $tReviews -- $tIntroductions of seaweeds: accidental transfer pathways and mechanisms -- $tIntentional introductions of commercially harvested alien seaweeds -- $tMechanisms of invasion: establishment, spread and persistence of introduced seaweed populations -- $tMechanisms of invasions: can the recipient community influence invasion rates? -- $tMethods for identifying and tracking seaweed invasions -- $tMolecular approaches to the study of invasive seaweeds -- $tImpacts of introduced seaweeds -- $tControl of invasive seaweeds -- $tInvasive seaweeds: global and regional law and policy responses -- $tConclusion -- $tSeaweed invasions: conclusions and future directions -- $t Backmatter 330 $aIn recognising an urgent need to move beyond case studies and develop a conceptual synthesis, the scope of this volume is broad, covering the principal elements of both the invasion process and human responses to seaweed invasions. This includes addressing legal frameworks for regulatory control, practical means to track and respond to invasive seaweeds in the field, as well as the ecology of invasions. The result is both a valuable multidisciplinary synthesis of work to date, and a pointer to future challenges and priorities. 606 $aMarine algae$xEcology 606 $aMarine algae$xControl 606 $aMarine algae$xHarvesting 606 $aInvasive plants 608 $aElectronic books. 615 0$aMarine algae$xEcology. 615 0$aMarine algae$xControl. 615 0$aMarine algae$xHarvesting. 615 0$aInvasive plants. 676 $a363.7/8 701 $aJohnson$b Craig R$g(Craig Richard)$0127427 801 0$bMiAaPQ 801 1$bMiAaPQ 801 2$bMiAaPQ 906 $aBOOK 912 $a9910454634603321 996 $aSeaweed invasions$92449241 997 $aUNINA LEADER 08242nam 22006975 450 001 996465382403316 005 20200705175622.0 010 $a3-540-28631-4 024 7 $a10.1007/b99702 035 $a(CKB)1000000000212501 035 $a(DE-He213)978-3-540-28631-8 035 $a(SSID)ssj0000098217 035 $a(PQKBManifestationID)11127438 035 $a(PQKBTitleCode)TC0000098217 035 $a(PQKBWorkID)10120715 035 $a(PQKB)11161059 035 $a(MiAaPQ)EBC3087349 035 $a(PPN)155220330 035 $a(EXLCZ)991000000000212501 100 $a20121227d2004 u| 0 101 0 $aeng 135 $aurnn#008mamaa 181 $ctxt$2rdacontent 182 $cc$2rdamedia 183 $acr$2rdacarrier 200 10$aAdvances in Case-Based Reasoning$b[electronic resource] $e7th European Conference, ECCBR 2004, Madrid, Spain, August 30 - September 2, 2004, Proceedings /$fedited by Peter Funk, Pedro A. González Calero 205 $a1st ed. 2004. 210 1$aBerlin, Heidelberg :$cSpringer Berlin Heidelberg :$cImprint: Springer,$d2004. 215 $a1 online resource (XXVI, 823 p.) 225 1 $aLecture Notes in Artificial Intelligence ;$v3155 300 $aBibliographic Level Mode of Issuance: Monograph 311 $a3-540-22882-9 320 $aIncludes bibliographical references at the end of each chapters and index. 327 $aInvited Papers -- Knowledge-Intensive Case-Based Reasoning in CREEK -- Designing Industrial Case-Based Reasoning Applications -- Research Papers -- Maintaining Case-Based Reasoning Systems: A Machine Learning Approach -- JColibri: An Object-Oriented Framework for Building CBR Systems -- Mémoire: Case Based Reasoning Meets the Semantic Web in Biology and Medicine -- Facilitating CBR for Incompletely-Described Cases: Distance Metrics for Partial Problem Descriptions -- Dialogue Management for Conversational Case-Based Reasoning -- Hybrid Recommender Systems with Case-Based Components -- Measures of Solution Accuracy in Case-Based Reasoning Systems -- Representing Similarity for CBR in XML -- An Analysis of Case-Base Editing in a Spam Filtering System -- A Case Based Reasoning Approach to Story Plot Generation -- Explanation Oriented Retrieval -- Exploiting Background Knowledge when Learning Similarity Measures -- Software Design Retrieval Using Bayesian Networks and WordNet -- Case-Base Injection Schemes to Case Adaptation Using Genetic Algorithms -- Learning Feature Taxonomies for Case Indexing -- Maintenance Memories: Beyond Concepts and Techniques for Case Base Maintenance -- Textual Reuse for Email Response -- Case-Based, Decision-Theoretic, HTN Planning -- Using CBR in the Exploration of Unknown Environments with an Autonomous Agent -- Ceaseless Case-Based Reasoning -- Explanation Service for Complex CBR Applications -- Explaining the Pros and Cons of Conclusions in CBR -- Incremental Relaxation of Unsuccessful Queries -- Justification-Based Case Retention -- Case Retrieval Using Nonlinear Feature-Space Transformation -- Case-Based Object Recognition -- Explanations and Case-Based Reasoning: Foundational Issues -- MINLP Based Retrieval of Generalized Cases -- Case-Based Relational Learning of Expressive Phrasing in Classical Music -- CBRFlow: Enabling Adaptive Workflow Management Through Conversational Case-Based Reasoning -- CASEP2: Hybrid Case-Based Reasoning System for Sequence Processing -- Application Papers -- Improving the Quality of Solutions in Domain Evolving Environments -- PlayMaker: An Application of Case-Based Reasoning to Air Traffic Control Plays -- Case-Based Collaborative Web Search -- Case Based Reasoning and Production Process Design: The Case of P-Truck Curing -- An Architecture for Case-Based Personalised Search -- Quantifying the Ocean?s CO2 Budget with a CoHeL-IBR System -- Development of CBR-BDI Agents: A Tourist Guide Application -- Improving Recommendation Ranking by Learning Personal Feature Weights -- Investigating Graphs in Textual Case-Based Reasoning -- A Case Study of Structure Processing to Generate a Case Base -- TempoExpress, a CBR Approach to Musical Tempo Transformations -- Case Acquisition and Case Mining for Case-Based Object Recognition -- Criteria of Good Project Network Generator and Its Fulfillment Using a Dynamic CBR Approach -- Integrated CBR Framework for Quality Designing and Scheduling in Steel Industry -- RHENE: A Case Retrieval System for Hemodialysis Cases with Dynamically Monitored Parameters -- A Case-Based Classification of Respiratory Sinus Arrhythmia -- Fault Diagnosis of Industrial Robots Using Acoustic Signals and Case-Based Reasoning -- A Case-Based Approach to Managing Geo-spatial Imagery Tasks -- Analysing Similarity Essence for Case Based Recommendation -- Satellite Health Monitoring Using CBR Framework -- Extending a Fault Dictionary Towards a Case Based Reasoning System for Linear Electronic Analog Circuits Diagnosis -- Dynamic Critiquing -- Using CBR for Semantic Analysis of Software Specifications -- An Indexing Scheme for Case-Based Manufacturing Vision Development -- Feature Selection and Generalisation for Retrieval of Textual Cases. 330 $aThe 7th European Conference on Case-Based Reasoning (ECCBR 2004) was held from August 30 through September 2, at the Complutense University of Madrid, Spain. ECCBR was born in Aberdeen, UK (2002), after a series of European workshops held in Trento,Italy(2000),Dublin,Ireland(1998),Lausanne, Switzerland (1996), Paris, France (1994), and Kaiserslautern, Germany (1993). ECCBR is the premier international forum for researchers and practitioners of case-based reasoning (CBR) in the years interleaving with the biennial international counterpart ICCBR, whose 5th edition was held in Trondheim, Norway in 2003. The CBR community has shown for years a deep interest in the application of its research to real-world problems. As a result, the first day of both ECCBR and ICCBR has been traditionally dedicated to presenting industrial CBR complications. ECCBR 2004 Industry Day was co-chaired by Mehmet Göker and Francisco Martín who invited professionals from different fields to describe their fielded CBR systems. The second day of the conference was dedicated to four workshops focusing on the following research interests: CBR in health sciences, explanation in CBR, computational creativity, and CBR applied to time series prediction. We are grateful to the Workshop Program co-chairs, Pablo Gervás and Kalyan Moy Gupta, for their efforts in coordinating these workshops, along with the individual workshop chairs and participants. Materials from the Ind- try Day and the workshops were published separately and can be obtained from the ECCBR 2004 website, http://www. idt. mdh. se/eccbr/. 410 0$aLecture Notes in Artificial Intelligence ;$v3155 606 $aArtificial intelligence 606 $aMathematical logic 606 $aApplication software 606 $aArtificial Intelligence$3https://scigraph.springernature.com/ontologies/product-market-codes/I21000 606 $aMathematical Logic and Formal Languages$3https://scigraph.springernature.com/ontologies/product-market-codes/I16048 606 $aComputer Appl. in Administrative Data Processing$3https://scigraph.springernature.com/ontologies/product-market-codes/I2301X 606 $aComputer Appl. in Social and Behavioral Sciences$3https://scigraph.springernature.com/ontologies/product-market-codes/I23028 615 0$aArtificial intelligence. 615 0$aMathematical logic. 615 0$aApplication software. 615 14$aArtificial Intelligence. 615 24$aMathematical Logic and Formal Languages. 615 24$aComputer Appl. in Administrative Data Processing. 615 24$aComputer Appl. in Social and Behavioral Sciences. 676 $a006.3/3 702 $aFunk$b Peter$4edt$4http://id.loc.gov/vocabulary/relators/edt 702 $aGonzález Calero$b Pedro A$4edt$4http://id.loc.gov/vocabulary/relators/edt 712 12$aECCBR 2004 801 0$bMiAaPQ 801 1$bMiAaPQ 801 2$bMiAaPQ 906 $aBOOK 912 $a996465382403316 996 $aAdvances in Case-Based Reasoning$9772015 997 $aUNISA LEADER 01552nam 2200397 450 001 9910477331503321 005 20230224185752.0 024 7 $a10.16997/book10 035 $a(CKB)4100000011631170 035 $a(NjHacI)994100000011631170 035 $a(EXLCZ)994100000011631170 100 $a20230224d2015 uy 0 101 0 $aeng 135 $aur||||||||||| 181 $ctxt$2rdacontent 182 $cc$2rdamedia 183 $acr$2rdacarrier 200 10$aMagic Screen /$fJoost Hunningher [and four others] 210 1$aLondon :$cUniversity Of Westminster Press,$d2015. 215 $a1 online resource (174 pages) $cillustrations (some colour) 225 1 $aHistory of the University of Westminster 311 $a0-9576124-6-X 320 $aIncludes bibliographical references and index. 330 $aThe story of the (now restored) Regent Street Cinema is the fourth volume exploring the University of Westminster's long and diverse history. This multi-authored volume tells its history from architectural, educational, legal and cinematic perspectives and is richly illustrated throughout with images from the University of Westminster archive. 410 0$aHistory of the University of Westminster. 517 $aMagic Screen 606 $aMotion picture theaters 615 0$aMotion picture theaters. 676 $a791.430941 700 $aHunningher$b Joost$0990005 801 0$bNjHacI 801 1$bNjHacl 906 $aBOOK 912 $a9910477331503321 996 $aMagic Screen$93015013 997 $aUNINA